Cargando…

Let's Switch On! Inglés para Electricidad y Electrónica

Let's Switch On! is a new method specifically tailored to the needs of students studying Ciclos Formativos de la familia profesional de Electricidad y Electrónica.This course provides students with basic and necessary English to enable them to develop in today's professional world.The cont...

Descripción completa

Detalles Bibliográficos
Autor principal: Esteban, M. (Autor)
Formato: Desconocido
Idioma:Indeterminado
Publicado: España España 2015-09-19 16:56:00
Acceso en línea:Texto completo

MARC

LEADER 00000 a2200000 4500
001 ALPHAC_156321
003 XX-XxUND
008 s2015 xx |||||||||||| ||||und d
020 |a 9788428398817 
035 |a 9788428398817 
100 1 |a Esteban, M.  |e author 
245 1 |a Let's Switch On! Inglés para Electricidad y Electrónica 
260 |a España  |b España  |c 2015-09-19 16:56:00 
300 |a 293 
520 |a Let's Switch On! is a new method specifically tailored to the needs of students studying Ciclos Formativos de la familia profesional de Electricidad y Electrónica.This course provides students with basic and necessary English to enable them to develop in today's professional world.The content of the book follows the academic syllabus of these studies and adapts to the self-refl exive demand of the Common European Framework of Reference for Languages.In Let's Switch On! students can practice both the receptive and productive skills of the foreign language: listening, reading, writing and speaking, through up-to-datereadings and motivating meaningful activities. Grammar and Vocabulary exercises are all included in the student's book so that students can use it as a workbook too.Apart from individual and group class work, students will also be required to work in teams to search for extra information in order to expand their knowledge (projects,handling helpful websites, etc.). Special emphasis is placed on developing oral skills, as communication will be crucial in the professional development of our students. 
754 1 |a category  |c Ingenierías 
856 4 |u https://alphaeditorialcloud.uam.elogim.com/reader/lets-switch-on-ingles-para-electricidad-y-electronica  |z Texto completo